| 000 | 00775nam a2200217 i 4500 | ||
|---|---|---|---|
| 001 | 71996 | ||
| 003 | ES-MaACL | ||
| 005 | 20251005063048.0 | ||
| 007 | t| | ||
| 008 | 040823s1985 sp ||||1| spa d | ||
| 020 | _a84-00-06117-9 | ||
| 100 | 1 |
_aGil y Carrasco, Enrique, _d1815-1846 _956892 |
|
| 245 | 1 | 0 |
_aBosquejo de un viaje a una provincia del interior / _cEnrique Gil y Carrasco ; edición de María Paz Díez Taboada. |
| 260 |
_aLeón : _bDiputación Provincial de León, _c1985. |
||
| 300 |
_a169 p., 10 lám. ; _c21 cm. |
||
| 490 | 1 |
_aBreviarios de la calle del Pez ; _v10 |
|
| 700 | 1 |
_aDíez Taboada, María Paz. _944774 |
|
| 830 | 0 |
_aBreviarios de la calle del Pez ; _v10 _9183200 |
|
| 852 |
_aES-MaACL _jL-12501 _bR.115042 |
||
| 999 |
_c71996 _d71996 |
||